|
|
|
|
| LEADER |
00000cam a2200000 a 4500 |
| 001 |
vtls010281293 |
| 003 |
SK-MaSNL |
| 005 |
20260301131917.0 |
| 008 |
251124s2011 xr a g fp 001 0 cze |
| 020 |
|
|
|a 9788073874469
|q (brož.)
|
| 040 |
|
|
|a SNK
|b slo
|c SNK
|e AACR2
|
| 041 |
1 |
|
|a cze
|h eng
|
| 044 |
|
|
|a xr
|c CZ
|
| 072 |
|
7 |
|a 615.8
|x Fyzioterapia. Psychoterapia. Alernatívna medicína
|2 konspekt
|
| 080 |
|
|
|a 615.851
|2 2001
|
| 080 |
|
|
|a (078.7)
|2 2001
|
| 080 |
|
|
|a 141.338
|2 2001
|
| 080 |
|
|
|a 616-071.1
|2 2001
|
| 080 |
|
|
|a 316.772.4
|2 2001
|
| 080 |
|
|
|a 316.472.4
|2 2001
|
| 080 |
|
|
|a (035)
|2 2001
|
| 100 |
1 |
|
|a Evans, Kenneth
|q (Kenneth Roy),
|d 1947-
|4 aut
|9 151167
|
| 240 |
1 |
0 |
|a Introduction to integrative psychotherapy
|l Česky
|
| 245 |
1 |
0 |
|a Úvod do integrativní psychoterapie
|c Ken Evans, [Maria C. Gilbert] ; [z anglického originálu přeložila Stanislava Dudová]
|
| 250 |
|
|
|a 1. vyd.
|
| 260 |
|
|
|a Praha
|b Triton
|c 2011
|
| 300 |
|
|
|a 172 s.
|b ilustr.
|c 21 cm
|
| 490 |
1 |
|
|a Psyché
|v 70
|
| 500 |
|
|
|a Obsahuje reg.
|
| 650 |
0 |
7 |
|a psychoterapia
|2 SNKPH
|9 2575
|
| 650 |
0 |
7 |
|a Psychotherapy
|2 SNKPHeng
|9 266881
|
| 650 |
0 |
7 |
|a Eclecticism
|2 SNKPHeng
|9 481865
|
| 650 |
0 |
7 |
|a eklekticizmus
|2 SNKPH
|9 101538
|
| 650 |
0 |
7 |
|a diagnostický rozhovor
|2 SNKPH
|9 134514
|
| 650 |
0 |
7 |
|a interpersonálna komunikácia
|2 SNKPH
|9 2690
|
| 650 |
0 |
7 |
|a interpersonálne vzťahy
|2 SNKPH
|9 3770
|
| 650 |
0 |
7 |
|a Diagnostic interview
|x methodology
|2 SNKPHeng
|9 481866
|
| 650 |
0 |
7 |
|a Interpersonal communication
|2 SNKPHeng
|9 306572
|
| 650 |
0 |
7 |
|a Interpersonal relations
|2 SNKPHeng
|9 278058
|
| 650 |
0 |
7 |
|a Integrativní psychoterapie
|2 SNKPHeng
|9 481867
|
| 655 |
|
7 |
|a prípadové štúdie
|2 SNKPH
|9 70498
|
| 655 |
|
7 |
|a Case studies
|2 SNKPHeng
|9 302769
|
| 655 |
|
7 |
|a príručky
|2 SNKPH
|9 74364
|
| 655 |
|
7 |
|a Handbooks, manuals, etc.
|2 SNKPHeng
|9 90964
|
| 700 |
1 |
|
|a Gilbert, Maria C.
|4 aut
|9 481868
|
| 700 |
1 |
|
|a Dudová, Stanislava
|4 trl
|9 481869
|
| 830 |
|
0 |
|a Psyché (Triton)
|9 350253
|
| 919 |
|
|
|a 978-80-7387-446-9
|
| 999 |
|
|
|c 749515
|d 751445
|
| 952 |
|
|
|t snkEVA 615.8
|a SNKUST
|b SNKUST
|y PREZ
|7 0
|p 17A0798701
|o snkIC 139901
|i snk2012/139
|8 4
|g 8.27
|0 0
|1 0
|4 0
|d 2011-11-15
|l 0
|r 2025-04-29 00:00:00
|w 2026-02-23
|